000 00752nam a22002297a 4500
001 30707
003 UA-OsUOA
005 20210917140209.0
007 ta
008 20041112b un ||||| |||| 00| 0 ukr d
040 _aUA-OsUOA
_brus
_cUA-OsUOA
_dUA-OsUOA
041 _arus
044 _aRU
080 _a82.09(470+571)
090 _a82.09(470+571)
_bИ90
245 _aИстория русской советской литературы (40-70-е годы)
_bучеб. пособие для студентов пед. ин-тов
_cред. А. И. Метченко, А. М. Абрамов, С. М. Петрова
260 _aМосква
_bПросвещение
_c1980
300 _a496 с.
650 7 _2UDC
942 _cBK
_2udc
955 _a0
999 _c317121
_d317121